000 00381nam a2200121Ia 4500
008 231228s1993 xx 000 0 und d
041 _aeng
082 _a658.3
_bVEN
100 _aVENKATA RATNAM (C.S)& SRIVASTAVA(B.K)
245 _aPersonnnel Management and Human Resources
260 _aNew Delhi
_bTata McGraw-Hil Publication Company Limited . Delhi
_c1993
300 _aXII,348P
999 _c1079864
_d1079864